Guess the Gracie Abrams song with no hints #4 - Statistics

General Stats
  • This quiz has been taken 655 times
  • The average score is 195 of 320
Answer Stats
Lyrics % Correct
I
99%
(I
99%
mmm
98%
you
96%
You
96%
a
94%
the
87%
me
84%
love
80%
we
79%
And
78%
be
77%
be...
77%
it
76%
to
76%
your
75%
I'm
72%
that
71%
know
70%
my
67%
So
67%
go,
66%
no
66%
this
65%
this)
65%
don't
64%
can
63%
of
63%
like
62%
how
61%
How
61%
think
61%
what
61%
you're
61%
could
60%
But
56%
but
56%
can't
56%
feel
56%
I'd
56%
us
55%
if
53%
just
53%
way
53%
hate
52%
hear
52%
it's
52%
ever
51%
one
50%
would
50%
all
49%
best
49%
friend?
49%
friend
49%
never
49%
should
48%
I'll
47%
Now
47%
Now,
47%
still
45%
got
44%
feelin'
43%
had
43%
see
43%
care
42%
care)
42%
didn't,
42%
didn't
42%
talk
41%
up
41%
wanna
40%
again
38%
'Cause
38%
let
38%
thought
38%
wanted
38%
believe
36%
keep
36%
left
36%
'em
35%
leave
35%
things
35%
feeling
34%
Funny
33%
funny
33%
Guess
33%
(Guess
33%
old
33%
leavin'
31%
little
31%
only
31%
problem
31%
Pictures
30%
T-shirt,
30%
bit
29%
bit)
29%
doin'
29%
Killing
29%
(Killing
29%
older
29%
missin'
28%
different
27%
Pickin'
27%
sure
27%
closure
26%
fine
26%
pieces,
26%
should've
23%
cut
21%
ties
20%
No matching quizzes found
Score Distribution
Percent of People with Each Score
Percentile by Number Answered
Your Score History
You have not taken this quiz